00301nam a2200121Ia 45000030006000000080041000060400015000471000033000622450046000952600009001415460012001500050017001620STCL150530s9999 xx 000 0 und d aSTCLcSTCL aWordsworth; Sastri, P.S.; Ed aWordsworth preface to the lyrical Ballads c1978 aEnglish20220125170919.0